|
|
|
|
| LEADER |
00867nam a2200205 a 4500 |
| 008 |
090716s1967 enka b 000 0 eng d |
| 010 |
|
|
|a 67093704
|
| 040 |
|
|
|a DLC
|c WSU
|d SER
|d OCL
|d B2Q
|d CUD
|
| 082 |
0 |
0 |
|a 822.3/3
|2 17
|
| 245 |
1 |
0 |
|a Shakespeares comedies :
|b an anthology of modern criticism /
|c edited by Laurence Lerner.
|
| 260 |
|
|
|a Harmondsworth :
|b Penguin,
|c 1967.
|
| 300 |
|
|
|a 346 p. ;
|c 20 cm.
|
| 490 |
1 |
|
|a Penguin Shakespeare library
|
| 504 |
|
|
|a Bibliography: p. 345-346
|
| 541 |
1 |
|
|e 00009284
|
| 650 |
|
0 |
|a Shakespeare, William,
|d 1564-1616
|x Comedies.
|
| 700 |
1 |
|
|a Lerner, Laurence.
|
| 852 |
4 |
|
|a Ayesha Abed Library
|j General shelf
|
| 999 |
|
|
|c 2735
|d 2735
|
| 952 |
|
|
|0 0
|1 0
|2 ddc
|4 1
|6 822_300000000000000_3_SHA
|7 0
|9 2514
|a BRACUL
|b BRACUL
|c SPS
|d 2009-07-23
|g 0.00
|l 9
|m 46
|o 822.33 SHA
|p 3010009284
|r 2017-08-27
|s 2017-05-16
|t 1
|w 2009-07-23
|y BK
|x No price found in the accession register.
|